Media,Military and Politics:A Study on Bangladesh/ (Record no. 190651)

MARC details
000 -LEADER
fixed length control field 00596nam a22001817a 4500
005 - DATE AND TIME OF LATEST TRANSACTION
control field 20220802105309.0
010 ## - LCCN (DPL NO)
LC control number ENG-134139
020 ## - INTERNATIONAL STANDARD BOOK NUMBER
International Standard Book Number 9789380318004
Terms of availability 795.000
035 ## - SYSTEM CONTROL NUMBER
System control number EN-117671
037 ## - SOURCE OF ACQUISITION
Source of stock number/acquisition DBAD/PUB
082 ## - DEWEY DECIMAL CLASSIFICATION NUMBER
Classification number 302.23095492
100 ## - MAIN ENTRY--PERSONAL NAME
Personal name Charulata Singh
245 ## - TITLE STATEMENT
Title Media,Military and Politics:A Study on Bangladesh/
Statement of responsibility, etc by Charulata Singh
260 ## - PUBLICATION, DISTRIBUTION, ETC. (IMPRINT)
Place of publication, distribution, etc New Delhi
Name of publisher, distributor, etc Neha Publishers & Distributors
Date of publication, distribution, etc 2010
270 ## - ADDRESS
Address 4832/24,Prahlad Lane,S-204,Ansari Road,Daryaganj,
City New Delhi
Postal code 110002
300 ## - PHYSICAL DESCRIPTION
Extent 232p.
Dimensions 23cm(Hb)
942 ## - ADDED ENTRY ELEMENTS (KOHA)
Source of classification or shelving scheme Dewey Decimal Classification
Item type English Books
Classification part 302.23095492
Call number suffix CHA
Holdings
Withdrawn status Lost status Not for loan Collection code Home library Current library Date acquired Source of acquisition Cost, normal purchase price Full call number Barcode Copy number Cost, replacement price Koha item type
      Non-fiction Vinoba Puri Vinoba Puri 02/08/2022 DBAD/PUB 795.00 302.23095492 CHA EN-117671 1 795.00 English Books

© Delhi Public Library
Hit Counter
free hit counter